Statistiques concernant Pays les plus proches de Vienne - sprint 30 secondes

Cliquez ici pour prendre le quiz!

Statistiques générales

  • Ce quiz a été pris 63 fois
  • Le résultat moyen est 9 sur 20

Statistiques - réponses

kmpays% Correct
194Allemagne
92%
464Suisse
87%
52Hongrie
77%
38Slovaquie
73%
149Slovénie
71%
58Tchèquie
71%
519Liechtenstein
67%
605France
63%
275Italie
63%
212Pologne
52%
184Croatie
48%
318Serbie
33%
329Bosnie-
Herzégovine
25%
657Bulgarie
19%
375Roumanie
19%
556Saint-Marin
19%
427Ukraine
17%
556Monténégro
12%
636Biélorussie
8%
647Kosovo
8%

Distribution des résultats

Percentile par nombre de réponses

% des personnes avec chaque résultat

Votre développement - résultats

Vous n’avez pas pris ce quiz